|
|
|
|
| LEADER |
00000nab a2200000 a 4500 |
| 001 |
vtls000896352 |
| 003 |
SK-MaSNL |
| 005 |
20260302175343.0 |
| 008 |
040720e19971025xo 0 slo |
| 035 |
|
|
|a KE5377
|
| 040 |
|
|
|a KEVKJB
|b slo
|c KEVKJB
|e AACR2
|
| 041 |
0 |
|
|a slo
|
| 044 |
|
|
|a xo
|c SK
|
| 080 |
|
|
|a 391
|2 1981
|
| 080 |
|
|
|a 929
|2 1981
|
| 100 |
1 |
|
|a Némethová, Renáta
|4 aut
|9 826895
|
| 245 |
1 |
0 |
|a Vďaka štvrtkovej módnej show A.L.E.X. ateliéru sme pričuchli k svetovej haute couture
|b Lujzina nová kolekcia je nezabudnuteľná
|
| 300 |
|
|
|b 5 foto
|
| 590 |
|
|
|a Flešárová, Lujza
|
| 600 |
1 |
7 |
|a Flešárová, Lujza
|2 KEVKJB
|9 881265
|
| 610 |
2 |
7 |
|a Jumbo centrum (Košice, Slovensko)
|2 KEVKJB
|9 877493
|
| 650 |
0 |
7 |
|a prehliadky módne
|2 KEVKJB
|9 877932
|
| 650 |
0 |
7 |
|a reportáže
|2 KEVKJB
|9 75670
|
| 651 |
|
7 |
|a Košice (Slovensko)
|2 KEVKJB
|9 18694
|
| 651 |
|
7 |
|a KE,
|2 KEVKJB
|9 877256
|
| 651 |
|
7 |
|a KE,
|2 KEVKJB
|9 877256
|
| 655 |
|
7 |
|a periodikum
|2 snkbucl
|9 29553
|
| 710 |
2 |
|
|a Jumbo centrum (bývalý Dom kultúry)
|4 aut
|9 877495
|
| 773 |
0 |
8 |
|t Korzo
|g Roč. 4, č.246, 25.10.1997, s. 18
|
| 852 |
|
|
|a ZVYKNI
|b KIS3GCP
|
| 999 |
|
|
|c 1406813
|d 1408743
|